书目信息 |
| 书名: | A short history of the Middle Ages | |
| 作者: | [Barbara H. Rosenwein]. | |
| 分册号: | ||
| 分册名: | 出版地: | Peterborough, Ont. ; |
|
| 出版社: | Broadview Press | |
| 出版时间: | c2002. | |
| 页数: | 219 p. : | |
| 开本: | 24 cm. | |
| 丛书名: | ||
| 中图分类号: | ||
| 科图分类号: | ||
| 其他分类号: | K13 | |
| 主题词: | ||
| 电子资源: | ||
| 000 | 01105cam a2200325 a 450 | |
| 001 | E0758287396 | |
| 005 | 20070414093245.42 | |
| 008 | 020523s2002 oncab b 001 0 eng c | |
| 010 | @a2002282702 | |
| 016 | @a20019307640 | |
| 020 | @a1551112906. | |
| 035 | @a(OCoLC)ocm46769715 | |
| 040 | @aCaOTU@beng@cNLC@dUMC@dDLC | |
| 043 | @ae------ | |
| 050 | 00 | @aD117@b.R67 2002 |
| 055 | 3 | @aD117@bR67 2001 |
| 055 | 00 | @aD117@bR67 2002 |
| 055 | 01 | @aD117 |
| 090 | @aK13 | |
| 099 | @dK13@ex12 | |
| 100 | 1 | @aRosenwein, Barbara H. |
| 245 | 12 | @aA short history of the Middle Ages / @c[Barbara H. Rosenwein]. |
| 260 | @aPeterborough, Ont. ;@aOrchard Park, NY :@bBroadview Press,@cc2002. | |
| 300 | @a219 p. :@bill. (some col.), maps (1 col.) ;@c24 cm. | |
| 504 | @aIncludes bibliographical references and index. | |
| 650 | 0 | @aMiddle Ages. |
| 651 | 0 | @aEurope@xHistory@y476-1492. |
| 906 | @a7@bcbc@ccopycat@d3@encip@f20@gy-gencatlg | |
| 925 | 0 | @aacquire@b1 shelf copy@xpolicy default |
| 955 | @apv11 2002-05-23 to HLCD@clg27 2002-08-02@dlg23 2002-08-06 to SL@elg15 2002-08-08 to Dewey | |
| A short history of the Middle Ages / / [Barbara H. Rosenwein].-Peterborough, Ont. ; ; Orchard Park, NY : : Broadview Press, , c2002. |
| 219 p. : : ill. (some col.), maps (1 col.) ; ; 24 cm. |
| Includes bibliographical references and index. |
| ISBN 1551112906. |
| ● |
| 相关链接 |
|
|
|
|
正题名:short history of the Middle Ages
索取号:K13/x12
 
预约/预借
| 序号 | 登录号 | 条形码 | 馆藏地/架位号 | 状态 | 备注 |
| 1 | 0003935 | 300039358 | 第四借阅区/ [索取号:K13/x12] | 在馆 | |
| 2 | 003907 | 300039072 | 第二样本阅览室/ [索取号:K13/x12] | 在馆 |